Изучение пещер Колхиды. Цуцхватская многоярусная карстовая пещерная система

Detaylı Bibliyografya
Müşterek Yazar: Академия наук Грузинской ССР Институт географии им. Вахушти Багратиони (570)
Diğer Yazarlar: Давитай Ф. Ф. (редактор)
Dil:Rusça
Baskı/Yayın Bilgisi: Тбилиси, Мецниереба, 1978
Konular:
Materyal Türü: MixedMaterials Kitap
KOHA link:https://koha.lib.tpu.ru/cgi-bin/koha/opac-detail.pl?biblionumber=676814

MARC

LEADER 00000nam0a2200000 4500
001 676814
005 20241120162511.0
090 |a 676814 
100 |a 20241120d1978 k||y0rusy50 ca 
101 0 |a rus 
102 |a GE 
181 0 |a i   |b  e  
182 0 |a n 
183 0 |a nc  |2 RDAcarrier 
200 1 |a Изучение пещер Колхиды. Цуцхватская многоярусная карстовая пещерная система  |f под ред. Ф. Ф. Давитая  |g Институт географии им. Вахушти АН ГССР 
203 |a Текст  |b визуальный  |c непосредственный 
210 |a Тбилиси  |c Мецниереба  |d 1978 
215 |a 294 с.  |c ил. 
283 |a volume  |2 RDAcarrier 
320 |a Литература: с. 269-284 
320 |a Указатели: с. 285-294 
606 1 |a Спелеология  |9 73785 
610 1 |a пещерные системы 
610 1 |a пещеры 
610 1 |a ископаемые позвоночные 
610 1 |a растительность 
610 1 |a гидрология 
610 1 |a палинология 
675 |a 551.44  |v 4 
702 1 |4 340  |a Давитай  |b Ф. Ф. 
712 0 2 |a Академия наук Грузинской ССР  |b Институт географии им. Вахушти Багратиони  |4 570  |9 26889 
801 0 |a RU  |b 63413507  |c 20241120 
830 |a Ретро2024Каталогизация Мотырева 
850 |a 63413507 
942 |c BK